00329nam a2200121Ia 4500008004100000082001800041100001500059245004500074250001300119260005100132300000800183650001600191191201s2004 xx 000 0 und d a621.3811bSIC aSINGH, R P 0aCommunication Systems Analog and Digital a21th Rep aN.DelhibTata mc Graw Hill Pubg. co. Ltdc2004 a592 aB.Tech(ECE)